00657nam a2200157 a 450000100100000000500170001000800410002704000250006824501320009326000800022530000270030570000360033204900090036895201050037799900170048200002980320200930055822.0110426s2003 dr 000 0 spa d aDO-SdBNPbspacBNPHU00aOrganización de redes locales de atención integral a la violencia intrafamiliar /cinvestigación Dinys Luciano Ferdinand. aSanto Domingo :bSecretaría de Estado de la Mujer,c2003.fEditora Búho a46 p. :bil. ;c22 cm.1 aLuciano Ferdinand, Dinys956557 aBNPD 0010718PDaPDbPDcCTd2011-04-26iLF1l0o p29803-10r2020-06-25w2020-06-25yLFPDZNo se presta c29295d29295